| 000 | 00716nam a2200205Ia 4500 | ||
|---|---|---|---|
| 003 | GCL | ||
| 008 | 140319s9999 xx 000 0 ara d | ||
| 020 | _a5044210977 | ||
| 040 |
_aGCL / _cGCL |
||
| 082 | 0 | 4 |
_a215 _bا ح |
| 100 | 1 | _aالسيد طه السيد ابو سديرة | |
| 245 | 1 | 0 |
_aالحركة العلمية فى جامع عمرو بن العاص : _bفى عصر الولاة(21هـ - 254هـ) / _cالسيد طه السيد ابو سديرة |
| 260 |
_aالقاهرة : _bدار الفكر العربى ، _c1990 |
||
| 300 |
_a199 ص: _bايض ؛ _c24 سم |
||
| 490 | _a | ||
| 650 | 0 | 4 | _aالمساجد |
| 650 | 0 | 4 | _aالقاهرة |
| 650 | 0 | 4 | _aالمجامع الدينية |
| 942 |
_2ddc _cBK |
||
| 999 |
_c31827 _d31827 |
||